Skład Korony Kielce 2025/26 - Statystyki

Ogólne statystyki
  • Ten quiz został rozwiązany 81 razy
  • Średni wynik to 15 z 28
Statystyki odpowiedzi
Kraj Zawodnik % Poprawnych
Polska Dawid Błanik
94%
Polska Xavier Dziekoński
92%
Polska Rafał Mamla
90%
Belgia Martin Remacle
82%
Słowenia Tamar Svetlin
82%
Hiszpania Nono
80%
Polska Wiktor Długosz
76%
Polska Marcel Pięczek
75%
Hiszpania Pau Resta
73%
Polska Bartłomiej Smolarczyk
65%
Polska Kondard Matuszewski
65%
Polska Huber Zwoźny
57%
Cypr Konstantinos Sotiriou
55%
Polska Konrad Ciszek
51%
Polska Miłosz Strzeboński
49%
Bułgaria Władimir Nikołow
49%
Polska Daniel Bąk
47%
Polska Jakub Budnicki
45%
Polska Michał Niedbała
45%
Polska Wojciech Kamiński
45%
Polska Nikodem Niski
43%
Bułgaria Wiktor Popow
39%
Polska Kacper Minuczyc
31%
Polska Michał Mikielewicz
29%
Polska Jakub Kowalski
25%
Polska Mateusz Głowiński
20%
Polska Adam Chojecki
18%
Polska Radosław Sewerys
8%
Nie znaleziono quizów pasujących do podanych kryteriów
Rozkład punktacji
Procent ludzi z każdym wynikiem
Percentyl według liczby udzielonych odpowiedzi
Twoja historia wyników
Nie rozwiązałeś tego quizu